书目信息 |
| 题名: |
海洋中国
|
|
| 作者: | 倪健民 主编 | |
| 分册: | 上册 | |
| 出版信息: | 北京 中国国际广播出版社 1997.12 |
|
| 页数: | 508页 | |
| 开本: | 20cm | |
| 丛书名: | 《国是论衡》丛书 | |
| 单 册: | ||
| 中图分类: | P74 | |
| 科图分类: | ||
| 主题词: | 海洋开发 , 海洋资源 , 海洋资源--海洋开发 | |
| 电子资源: | ||
| ISBN: | 7-5078-1568-4 | |
| 000 | 00893nam0 2200265 45 | |
| 001 | 0003201405 | |
| 005 | 20040525152038.8 | |
| 010 | @a7-5078-1568-4@dCNY26.60 | |
| 100 | @a20000320d1997 km y0chiy0120 ea | |
| 101 | @achi | |
| 105 | @a z 000yy | |
| 200 | 1 | @a海洋中国@AHai Yang Zhong Guo@e文明重心东移与国家利意空间@h上册@EWen Ming Zhong Xin Dong Yi Yu Guo Jia Li Yi Kong Jian@f倪健民,宁宜昌主编 |
| 210 | @a北京@c中国国际广播出版社@d1997.12 | |
| 215 | @a508页@d20cm | |
| 225 | @a《国是论衡》丛书@f倪健民主编 | |
| 410 | @12001 @a《国是论衡》丛书 | |
| 410 | @1700 0@a倪健民@ANi Jian Min@4主编 | |
| 517 | 1 | @a文明重心东移与国家利意空间@AWen Ming Zhong Xin Dong Yi Yu Guo Jia Li Yi Kong Jian |
| 606 | 0 | @a海洋开发 |
| 606 | 0 | @a海洋资源 |
| 606 | 0 | @a海洋资源@x海洋开发 |
| 690 | @aP74@v1 | |
| 701 | @a倪健民@4主编 | |
| 801 | @aCN@bTSTC@c20000320 | |
| 905 | @f1@b276860@dP74@e26:1 | |
| 海洋中国:文明重心东移与国家利意空间.上册/倪健民,宁宜昌主编.-北京:中国国际广播出版社,1997.12 |
| 508页;20cm.-(《国是论衡》丛书/倪健民主编) |
| ISBN 7-5078-1568-4:CNY26.60 |
| ● |
| 相关链接 |
|
|
|
|
正题名:海洋中国
索取号:P74/26:1
 
预约/预借
| 序号 | 登录号 | 条形码 | 馆藏地/架位号 | 状态 | 备注 |
| 1 | 0276860 | 001496456 | 第二样本阅览室/ [索取号:P74/26:1] | 在馆 |